000 00210nam a2200097Ia 4500
008 240331s9999 xx 000 0 und d
082 _bSAL
100 _aSalma
245 0 _aIrandaam jaamangalin kathai
942 _cL
999 _c5418
_d5418